| 000 | 00491nam a2200181 4500 | ||
|---|---|---|---|
| 003 | SEACOMEC | ||
| 005 | 20240604142718.0 | ||
| 008 | 240604b |||||||| |||| 00| 0 eng d | ||
| 020 |
_a 9788131733660 _cRs.399.00 |
||
| 040 | _aSEACOMEC | ||
| 082 |
_a621.3 _bH893 |
||
| 100 | _aHughes, Edward | ||
| 245 | 1 |
_aHughes electrical and electronic technology _cEdward Hughes |
|
| 250 | _a9th ed. | ||
| 260 |
_aDelhi _b Pearson Education _c2007 |
||
| 650 | _a Electrical Engineering | ||
| 942 | _cBOOK | ||
| 999 |
_c1289 _d1289 |
||